000
00314nam a2200121Ia 4500
008
230907s9999||||xx |||||||||||||| ||und||
082
_a
891.4393
_b
HAS
245
0
_a
پری زاد , Pari zad /
260
_a
Ilm-O-Irfan Publishers,
_b
Lahore :
_c
2014
300
_a
240 p.
650
_a
Urdu Literature.
942
_c
BK
999
_c
599701
_d
599701